To cut a long story short /

This short-story collection from the master storyteller shows Jeffrey Archer's skills with a wide variety of character, of subject, and of setting, but all with a trademark twist in the tail

Bibliographic Details
Main Author: Archer, Jeffrey, 1940-
Format: Book
Language:English
Published: New York : HarperCollins, c2010.
Subjects:
Online Access:Contributor biographical information
Classic Catalogue: View this record in Classic Catalogue
LEADER 01421nam a2200277 a 4500
001 44614
003 BD-DhAAL
005 20250814212612.0
008 250814t20102000nyu 000 1 eng
010 |a  00063169  
020 |a 9780330419093 
035 |a 12153276 
040 |a DLC  |c DLC  |d DLC  |d BD-DhAAL 
050 0 0 |a PR6051.R285  |b T6 2000 
082 0 0 |a 823.914  |2 21 
100 1 |a Archer, Jeffrey,  |d 1940- 
245 1 0 |a To cut a long story short /  |c Jeffrey Archer. 
260 |a New York :  |b HarperCollins,  |c c2010. 
300 |a 290 pages ;  |c 22 cm 
520 |a This short-story collection from the master storyteller shows Jeffrey Archer's skills with a wide variety of character, of subject, and of setting, but all with a trademark twist in the tail 
541 |a Donated by Farhana Zahir, Assistant Professor, BRAC Business School, BRAC University  |e 44614 
650 0 |a Psychological fiction, English.  |9 4493 
856 4 2 |3 Contributor biographical information  |u http://www.loc.gov/catdir/enhancements/fy1308/00063169-b.html 
942 |2 ddc  |c BK 
999 |c 47385  |d 47385 
952 |0 0  |1 0  |2 ddc  |4 0  |6 823_914000000000000_ARC  |7 0  |9 78023  |a BRACUL  |b BRACUL  |c NEW  |d 2025-08-14  |e Donated by Farhana Zahir, Assistant Professor, BRAC Business School, BRAC University  |g 700.00  |l 3  |m 6  |o 823.914 ARC  |p 3010044614  |r 2026-05-03  |s 2026-04-27  |t 1  |v 1400.00  |w 2025-08-14  |y BK  |x Donated by Farhana Zahir, Assistant Professor, BRAC Business School, BRAC University